Produkt cestovného ruchu pre zdravotne znevýhodnených bakalárska práca

Saved in:
Bibliographic Details
Main Author: Prachárová, Zuzana
Corporate Author: Obchodná fakulta EU. Katedra služieb a cestovného ruchu - zrušené
Other Authors: Sidor, Ján
Format: Book
Language:Slovak
Published: Bratislava 2018
Tags: Add Tag
No Tags, Be the first to tag this record!

MARC

LEADER 00000nbm a2200000 4500
001 0245069
005 20180906133809.6
041 0 |a slo 
044 |a SK 
245 1 0 |a Produkt cestovného ruchu pre zdravotne znevýhodnených  |b bakalárska práca  |c Zuzana Prachárová ; školiteľ: Ján Sidor 
264 1 |a Bratislava  |c 2018 
300 |a 56 s. 
100 1 |a Prachárová, Zuzana 
700 1 |a Sidor, Ján 
710 2 |a Obchodná fakulta EU. Katedra služieb a cestovného ruchu - zrušené